Europa

保存先:
書誌詳細
主要な著者: Verstraete, Miguel (著者), Martinic Drpic, Zvonimir (著者), Ciner de Cardinali, Patricia (著者), Lucero, María Cristina (著者), Mikkan, Raúl (著者)
フォーマット: 図書
言語:スペイン語
出版事項: Mendoza Universidad Nacional de Cuyo 2004
版:1a. ed
主題:
タグ: タグ追加
タグなし, このレコードへの初めてのタグを付けませんか!

MARC

LEADER 00000cam a2200000 a 4500
001 UCD2906
003 CL-VaPUC
008 160520e20040000ag |||||||||||||||||spa|d
020 |a 9871024665 
082 0 4 |a 914  |b VER  |2 21 
100 0 |a Verstraete, Miguel  |e author  |9 586307 
700 0 |a Martinic Drpic, Zvonimir  |e author  |9 586308 
700 0 |a Ciner de Cardinali, Patricia  |e author  |9 586309 
700 0 |a Lucero, María Cristina  |e author  |9 586310 
700 0 |a Mikkan, Raúl  |e author  |9 586311 
245 1 0 |a Europa 
250 |a 1a. ed 
300 |a 166 p 
942 |c BK 
945 |d 20160520 11:34:00  |a dcastane 
260 |a Mendoza  |b Universidad Nacional de Cuyo  |c 2004 
650 0 |a Historia de Europa  |9 392003 
651 0 |a Europa  |9 255156 
583 |a last modification  |c 20160520 11:34:00  |k Rodrigo Vera 
999 |c 364015  |d 364013 
952 |0 0  |1 0  |3 erb  |4 0  |6 914_000000000000000_VER_2004  |7 0  |8 A  |9 476923  |a FDOHBE  |b FDOHBE  |e Huesbe Llanos, Marco Antonio, 1934-  |i 530511K  |o 914 VER 2004  |p 530511K  |r 2024-01-30  |w 2019-11-24  |y BK  |z Catalogado en:20160520  |k HBE